Statistics on poverty and income distribution: An ILO compendium of data

Bibliographic Details
Main Author: Tabatabai, Hamid (Author)
Format: Book
Language:English
PhysicalDescription:183 s. 30 cm
Published: Geneva International Labour Office 1996
ISBN:9221095053
Subjects:

MARC

LEADER 00000nam a2200000 a 4500
001 vtls001289816
003 SK-MaSNL
005 20260301004536.0
008 251124s1996 CH a 0 eng
020 |a 9221095053  |c [626,00] 
035 |a SNK000241441 
040 |a SNK  |b slo  |c SNK  |e AACR2 
044 |a CH 
080 |a 362.5:331.2  |2 1981 
100 1 |a Tabatabai, Hamid  |4 aut  |9 287519 
245 1 |a Statistics on poverty and income distribution: An ILO compendium of data  |c Hamid Tabatabai 
260 |a Geneva  |b International Labour Office  |c 1996 
300 |a 183 s.  |c 30 cm 
650 0 7 |a chudoba  |x príjmy  |x rozdeľovanie  |x materiály MOP  |2 SNK  |9 287520 
919 |a 92-2-109505-3 
999 |c 542421  |d 544351 
952 |t P60, <04>, [BOOK], {604}  |a SNK  |b SNK  |y VYP  |7 0  |p 17A0069666  |o snkIB 69711  |i snkV 1369/97  |0 0  |1 0  |4 0  |d 1997-06-12  |l 0  |r 2005-01-02 00:00:00  |w 2026-02-23